|
|
|
|
| LEADER |
00843naa a2200229 i 4500 |
| 001 |
publ37735 |
| 005 |
20251002094720.0 |
| 008 |
250923s2025 hu o 000 hun d |
| 020 |
|
|
|a 9789636480684; 9789636480691
|
| 024 |
7 |
|
|a 36305776
|2 mtmt
|
| 040 |
|
|
|a SZTE Publicatio Repozitórium
|b hun
|
| 041 |
|
|
|a hun
|
| 100 |
1 |
|
|a Lipták Mónika Zoé
|
| 245 |
1 |
3 |
|a Az egészséggel kapcsolatos téves elképzelések vizsgálatának alapjai leendő pedagógusok körében
|h [elektronikus dokumentum] /
|c Lipták Mónika Zoé
|
| 260 |
|
|
|a Juhász Gyula Felsőoktatási Kiadó
|b Szeged
|c 2025
|
| 300 |
|
|
|a 39
|
| 300 |
|
|
|a 28-66
|
| 490 |
0 |
|
|a Aranymetszetben az egészség
|
| 650 |
|
4 |
|a Egészségtudományok
|
| 650 |
|
4 |
|a Oktatástudomány
|
| 700 |
0 |
1 |
|a Tarkó Klára
|e aut
|
| 856 |
4 |
0 |
|u http://publicatio.bibl.u-szeged.hu/37735/7/36305776.pdf
|z Dokumentum-elérés
|